[Event "PLAYERS CUP 2009 <1600"]
[Site "SchemingMind.com"]
[Date "2009.02.10"]
[Round "-"]
[White "Gary"]
[Black "Heidi"]
[Result "0-1"]
[WhiteCountry "ENG"]
[BlackCountry "USA"]
[WhiteElo "1488"]
[WhiteRD "64"]
[BlackElo "943"]
[BlackRD "65"]
[GameID "191081"]

1. e4 e5 2. Nf3 Nc6 3. Bb5 Nd4 4. Nxd4 exd4 5. O-O Bc5 6. d3 Nf6 7. Bg5 Qe7 8. Re1 c6 9. Bc4 O-O 10. e5 d5
11. Bb3 Bg4 12. exf6 Qd8 13. Qxg4 Bd6 14. fxg7 Kxg7 15. Bxd8+ Kh8
0-1

[Event "PLAYERS CUP 2009 <1600"]
[Site "SchemingMind.com"]
[Date "2009.02.08"]
[Round "-"]
[White "lame wolf"]
[Black "Heidi"]
[Result "1-0"]
[WhiteCountry "INT"]
[BlackCountry "USA"]
[WhiteElo "1061"]
[WhiteRD "48"]
[BlackElo "946"]
[BlackRD "62"]
[GameID "191082"]

1. b4 e5 2. b5 d5 3. d4 exd4 4. Qxd4 Bd6 5. a4 Nf6 6. c4 dxc4 7. Qxc4 O-O 8. g3 h6 9. Bg2 Be6 10. Qd3 Re8
11. Bb2 a6 12. Nc3 axb5 13. Qxb5 Qe7 14. Bxb7 Bd7 15. Qb3 Ra7 16. Bf3 Nc6 17. e4 Nxe4 18. Nxe4 Bb4+ 19. Bc3 Nd4 20. Qd5 Bxc3+
21. Kf1 Qb4 22. Qxd7 Raa8 23. Nf6+ Kf8 24. Bxa8 Bxa1 25. Qxe8#
1-0

[Event "PLAYERS CUP 2009 <1600"]
[Site "SchemingMind.com"]
[Date "2009.02.07"]
[Round "-"]
[White "jtrochez1"]
[Black "Heidi"]
[Result "1-0"]
[WhiteCountry "HON"]
[BlackCountry "USA"]
[WhiteElo "1546"]
[WhiteRD "48"]
[BlackElo "946"]
[BlackRD "62"]
[GameID "191083"]

1. e4 e5 2. Nf3 Nc6 3. d4 exd4 4. Nxd4 Nf6 5. Nxc6 bxc6 6. Bd3 Bc5 7. h3 O-O 8. Bg5 Re8 9. O-O Re5 10. Qd2 h6
11. Bf4 Rh5 12. Be2 Ng4 13. Bxg4 Rh4 14. Bg3 Rxh3 15. Bxh3 Rb8 16. b3 Bd6 17. Bxd6 cxd6 18. c4 d5 19. exd5 cxd5 20. Qxd5 Bb7
21. Qxd7 a6 22. Nc3 Qh4 23. Nd5 Bc8 24. Qe8+ Kh7 25. Bxc8 Rb6 26. Nxb6 g5 27. Qxf7+ Kh8 28. Qf8+ Kh7 29. Bf5#
1-0

[Event "PLAYERS CUP 2009 <1600"]
[Site "SchemingMind.com"]
[Date "2009.02.08"]
[Round "-"]
[White "Zugzwang"]
[Black "Heidi"]
[Result "1-0"]
[WhiteCountry "CAN"]
[BlackCountry "USA"]
[WhiteElo "1437"]
[WhiteRD "56"]
[BlackElo "946"]
[BlackRD "62"]
[GameID "191084"]

1. d4 d5 2. Nf3 Nf6 3. e3 e6 4. Bd3 Bd6 5. O-O O-O 6. Nbd2 c5 7. c3 Nc6 8. Re1 Re8 9. e4 e5 10. exd5 Nxd5
11. Nf1 Nf4 12. Bc2 e4 13. Bxe4 Na5 14. Ng3 Re6 15. Nh5 Nxh5 16. Ng5 Rh6 17. Bf3 Nf4 18. Bxf4 Bxf4 19. Ne4 Qh4 20. g3 Qg5
21. Nxg5 Bxg5 22. Re8#
1-0

[Event "PLAYERS CUP 2009 <1600"]
[Site "SchemingMind.com"]
[Date "2009.02.07"]
[Round "-"]
[White "Belfagor"]
[Black "Heidi"]
[Result "1-0"]
[WhiteCountry "ITA"]
[BlackCountry "USA"]
[WhiteElo "1684"]
[WhiteRD "103"]
[BlackElo "946"]
[BlackRD "62"]
[GameID "191085"]

1. e4 e5 2. Nf3 Nc6 3. d4 d6 4. dxe5 dxe5 5. Qxd8+ Nxd8 6. Nxe5 Bd6 7. Nc4 Bc5 8. Bd3 Be6 9. Be3 Bb4+ 10. c3 Be7
11. Nbd2 Nf6 12. O-O O-O 13. Rad1 Nc6 14. b3 Bg4 15. f3 h6 16. fxg4 Nxg4 17. Rfe1 Rad8 18. Be2 f5 19. Bxg4 fxg4 20. Rf1 Bf6
21. Nb1 Rde8 22. e5
1-0

[Event "PLAYERS CUP 2009 <1600"]
[Site "SchemingMind.com"]
[Date "2009.02.08"]
[Round "-"]
[White "dtedesco"]
[Black "Heidi"]
[Result "1-0"]
[WhiteCountry "CAN"]
[BlackCountry "USA"]
[WhiteElo "1539"]
[WhiteRD "59"]
[BlackElo "946"]
[BlackRD "62"]
[GameID "191087"]

1. c4 Nf6 2. Nc3 e6 3. Nf3 Nc6 4. d4 d5 5. e3 Bb4 6. Bd2 Qd6 7. Nb5 Qd7 8. c5 O-O 9. Nc3 b6 10. Bb5 Bb7
11. Ne5 Qe7 12. Nxc6 Qd7 13. Qa4 Bxc3 14. Bxc3 a6 15. Ne5 Qd6 16. cxd6 cxd6 17. Nd7 Rfd8 18. Nxb6 axb5 19. Qc2 Ra6 20. Nxd5 Bxd5
21. O-O e5 22. a3 Ba8 23. b4 exd4 24. exd4 d5 25. Bb2 Nh5 26. Rae1 Rh6 27. Re7 Nf4 28. Rfe1 g6 29. Qc7 Rd6 30. Rxf7 g5
31. Re8#
1-0

[Event "PLAYERS CUP 2009 <1600"]
[Site "SchemingMind.com"]
[Date "2009.02.08"]
[Round "-"]
[White "Carl Lenox"]
[Black "Heidi"]
[Result "1-0"]
[WhiteCountry "CAN"]
[BlackCountry "USA"]
[WhiteElo "1353"]
[WhiteRD "64"]
[BlackElo "946"]
[BlackRD "62"]
[GameID "191088"]

1. e4 e5 2. Nf3 Nc6 3. Bb5 Nf6 4. O-O Nxe4 5. d4 exd4 6. Nxd4 Bc5 7. c3 O-O 8. Qf3 Nf6 9. Nf5 d6 10. Qg3 Bxf5
11. Re1 Re8 12. Bd2 Ne4 13. Qf4 g6 14. Re2 Nxd2 15. Qxd2 Qd7 16. c4 Rxe2 17. Qxe2 Re8 18. Qd2 Qe6 19. Nc3 Qe1+ 20. Rxe1 Nd4
21. Rxe8+ Kg7 22. a3 Bg4 23. b4 c6 24. Ba4 d5 25. bxc5 Bd7 26. Re7 Be6 27. Rxb7 Nf5 28. Rxa7 dxc4 29. Ra8 h5 30. Qd8 Nd4
31. Ne4 c3 32. Qh8#
1-0

[Event "PLAYERS CUP 2009 <1600"]
[Site "SchemingMind.com"]
[Date "2009.02.10"]
[Round "-"]
[White "cnile"]
[Black "Gary"]
[Result "1-0"]
[WhiteCountry "SCO"]
[BlackCountry "ENG"]
[WhiteElo "1553"]
[WhiteRD "63"]
[BlackElo "1488"]
[BlackRD "64"]
[GameID "191204"]

1. d4 f5 2. Bg5 h6 3. Bh4 g5 4. e3 Nf6 5. Bg3 Bg7 6. Bc4 e6 7. Be5 O-O 8. h3 d5 9. Be2 Nc6 10. Nf3 Qe7
11. O-O Nxe5 12. Nxe5
1-0

[Event "PLAYERS CUP 2009 <1600"]
[Site "SchemingMind.com"]
[Date "2009.02.07"]
[Round "-"]
[White "cnile"]
[Black "lame wolf"]
[Result "1-0"]
[WhiteCountry "SCO"]
[BlackCountry "INT"]
[WhiteElo "1558"]
[WhiteRD "60"]
[BlackElo "1061"]
[BlackRD "48"]
[GameID "191205"]

1. d4 b5 2. Bf4 Bb7 3. Nd2 f5 4. e3 e6 5. Bxb5 Bc6 6. Bxc6 Nxc6 7. Ngf3 Bb4 8. O-O d6 9. c3 Ba5 10. b4 Bb6
11. a4 a5 12. b5 Nce7 13. c4 d5 14. cxd5 Nxd5 15. Be5 Qe7 16. Nc4 Nc3 17. Qc2 Ne4 18. Nxb6 cxb6 19. Qc6+ Kf7 20. Qxa8 Nef6
21. Rac1 g6 22. Rc7 Nd7 23. Bxh8 e5 24. Nxe5+ Ke6 25. Qxg8+ Kd6 26. Rc6#
1-0

[Event "PLAYERS CUP 2009 <1600"]
[Site "SchemingMind.com"]
[Date "2009.02.07"]
[Round "-"]
[White "cnile"]
[Black "jtrochez1"]
[Result "0-1"]
[WhiteCountry "SCO"]
[BlackCountry "HON"]
[WhiteElo "1553"]
[WhiteRD "63"]
[BlackElo "1580"]
[BlackRD "48"]
[GameID "191206"]

1. c4 g6 2. g3 Bg7 3. Bg2 c6 4. e4 e5 5. Nc3 Ne7 6. Nge2 O-O 7. d4 d6 8. d5 c5 9. O-O Bd7 10. Rb1 a6
11. Be3 Nc8 12. Qd2 f5 13. Bh6 b5 14. b3 b4 15. Nd1 Rf7 16. Bxg7 Kxg7 17. exf5 Bxf5 18. Rb2 Ne7 19. Ne3 Qc8 20. Nc1 Nd7
21. Nxf5+ Nxf5 22. f4 exf4 23. Qxf4 Ne5 24. Rbf2 Qc7 25. Qg5 Raf8 26. Ne2 h6 27. Qd2 a5 28. g4 Nh4 29. h3 Nxg2 30. Rxf7+ Rxf7
31. Kxg2 Qe7 32. Rxf7+ Qxf7 33. Qf4 Qxf4 34. Nxf4 Kf6 35. Kg3 Nf7 36. Ne6 g5 37. Kf3 Ke5 38. Ke3 Kf6 39. Nd8 Nxd8 40. Kf3 Nf7
41. Ke4 Nd8 42. Kf3 Ke5 43. Ke3 Nb7 44. Kf3 a4 45. Ke3 axb3 46. axb3 Na5
0-1

[Event "PLAYERS CUP 2009 <1600"]
[Site "SchemingMind.com"]
[Date "2009.02.08"]
[Round "-"]
[White "cnile"]
[Black "Zugzwang"]
[Result "0-1"]
[WhiteCountry "SCO"]
[BlackCountry "CAN"]
[WhiteElo "1558"]
[WhiteRD "60"]
[BlackElo "1437"]
[BlackRD "56"]
[GameID "191207"]

1. e4 e5 2. Nf3 Nf6 3. Nc3 Bb4 4. d3 O-O 5. Be2 Bxc3+ 6. bxc3 d6 7. d4 Re8 8. O-O Nc6 9. Bg5 h6 10. Bxf6 Qxf6
11. d5 Ne7 12. c4 c5 13. dxc6 Nxc6 14. Qd5 Re6 15. c3 Bd7 16. c5 Rc8 17. Rfd1 b6 18. cxb6 axb6 19. Bb5 Qf4 20. Rab1 Rg6
21. Ba4 Bh3 22. Bb3 Rxg2+ 23. Kh1 Qxf3 24. Rg1 Rxf2+ 25. Rg2 Qxg2#
0-1

[Event "PLAYERS CUP 2009 <1600"]
[Site "SchemingMind.com"]
[Date "2009.02.08"]
[Round "-"]
[White "cnile"]
[Black "Belfagor"]
[Result "0-1"]
[WhiteCountry "SCO"]
[BlackCountry "ITA"]
[WhiteElo "1553"]
[WhiteRD "63"]
[BlackElo "1745"]
[BlackRD "97"]
[GameID "191208"]

1. e4 Nf6 2. e5 Nd5 3. c4 Nb6 4. d4 d6 5. exd6 exd6 6. Nc3 Be7 7. Bd3 Nc6 8. Be3 O-O 9. Nf3 Bg4 10. O-O Bf6
11. h3 Bxf3 12. Qxf3 Nxd4 13. Qh5 g6 14. Qd1 c6 15. Re1 Re8 16. Rc1 Rc8 17. Ne4 Bg7 18. Qd2 Nf5 19. Ng5 Nxe3 20. Rxe3 Rxe3
21. Qxe3 Bxb2 22. Rb1 Bf6 23. Ne4 d5 24. cxd5 cxd5 25. Nxf6+ Qxf6 26. Rb4 Qa1+ 27. Kh2 Qxa2 28. Qe7 Qxf2 29. Qxb7 Qc5 30. Rb5 Qc7+
31. Qxc7 Rxc7 32. h4 f5 33. Ra5 Kg7 34. Be2 d4 35. Re5 Kf6 36. Ra5 Rd7 37. Bd3 Rc7 38. Ra3 Rc3 39. Bf1 Rxa3
0-1

[Event "PLAYERS CUP 2009 <1600"]
[Site "SchemingMind.com"]
[Date "2009.02.08"]
[Round "-"]
[White "cnile"]
[Black "maro"]
[Result "1-0"]
[WhiteCountry "SCO"]
[BlackCountry "MEX"]
[WhiteElo "1558"]
[WhiteRD "60"]
[BlackElo "1326"]
[BlackRD "50"]
[GameID "191209"]

1. e4 e5 2. Nf3 Bd6 3. Nc3 c6 4. d4 Nf6 5. dxe5 Nd5 6. exd5 Bc5 7. d6 O-O 8. Bd3 Qb6 9. O-O a5 10. Na4 Qa7
11. Nxc5 Qxc5 12. Be3 Qd5 13. Re1 c5 14. Qe2 c4 15. Bxc4 Qc6 16. Rad1 b6 17. Bd5 Qa4 18. Bxa8 Ba6 19. Qd2 Rc8 20. Bd5 Rxc2
21. Bb3 Rxd2 22. Bxa4 Rxb2 23. Bb3
1-0

[Event "PLAYERS CUP 2009 <1600"]
[Site "SchemingMind.com"]
[Date "2009.02.08"]
[Round "-"]
[White "cnile"]
[Black "dtedesco"]
[Result "0-1"]
[WhiteCountry "SCO"]
[BlackCountry "CAN"]
[WhiteElo "1547"]
[WhiteRD "66"]
[BlackElo "1541"]
[BlackRD "66"]
[GameID "191210"]

1. c4 Nf6 2. d4 g6 3. Nc3 d5 4. e3 Bg7 5. Bd3 O-O 6. c5 e6 7. Nf3 a6 8. b4 c6 9. O-O Nbd7 10. a4 a5
11. b5 Qe7 12. Bd2 e5 13. Be2 cxb5 14. axb5 e4 15. Ne1 Qe6 16. c6 bxc6 17. bxc6 Qxc6 18. Bb5 Qe6 19. Nc2 Ba6 20. Rxa5 Nb8
21. Bxa6 Nxa6 22. Ra1 Nc7 23. Na4 Rfb8 24. Qe2 Qc6 25. Nc5 Rb2 26. Nb4 Qe8 27. Rfb1 Rxa1 28. Rxa1 Nd7 29. Nc6 Nb8 30. Nxb8 Qxb8
31. Nd7 Qb3 32. Ba5 Rxe2 33. Bxc7 Qc3 34. Ra8+ Bf8 35. Rxf8+ Kg7 36. Be5+ Kh6 37. Bf4+ g5 38. Bxg5+ Kxg5 39. Rg8+ Kh6 40. g4 Qe1+
41. Kg2 Qxf2+ 42. Kh3 Qxh2#
0-1

[Event "PLAYERS CUP 2009 <1600"]
[Site "SchemingMind.com"]
[Date "2009.02.08"]
[Round "-"]
[White "cnile"]
[Black "Carl Lenox"]
[Result "1-0"]
[WhiteCountry "SCO"]
[BlackCountry "CAN"]
[WhiteElo "1553"]
[WhiteRD "63"]
[BlackElo "1336"]
[BlackRD "66"]
[GameID "191211"]

1. e4 c5 2. Nc3 Nc6 3. Nge2 g6 4. d4 cxd4 5. Nxd4 Nf6 6. Be3 Bg7 7. Qd2 O-O 8. Be2 d6 9. O-O-O e5 10. Nxc6 Qc7
11. Nb4 Qa5 12. Nbd5 Re8 13. Nxf6+ Bxf6 14. Qxd6 Be7 15. Qd3 Be6 16. Kb1 a6 17. Bh6 Bb4 18. Qf3 Bc5 19. Qf6 Bf8 20. Bd2 Bg7
21. Qh4 Rac8 22. a3 b5 23. Nd5 Qa4 24. Bd3 Rc5 25. Nf6+ Bxf6 26. Qxf6 Bc4 27. Bh6
1-0

[Event "PLAYERS CUP 2009 <1600"]
[Site "SchemingMind.com"]
[Date "2009.02.08"]
[Round "-"]
[White "cnile"]
[Black "Heidi"]
[Result "1-0"]
[WhiteCountry "SCO"]
[BlackCountry "USA"]
[WhiteElo "1558"]
[WhiteRD "60"]
[BlackElo "946"]
[BlackRD "62"]
[GameID "191212"]

1. d4 d5 2. c4 e5 3. dxe5 Be6 4. cxd5 Bxd5 5. Nc3 Bb4 6. Bd2 Nc6 7. Nxd5 Qxd5 8. Bxb4 Nd4 9. e3 Rd8 10. exd4 f6
11. Nf3 Ne7 12. Bxe7 Kxe7 13. Be2 Rhe8 14. O-O fxe5 15. dxe5 Qe6 16. Qc2 Rd5 17. Bc4 Red8 18. Bxd5 Qxd5 19. Rad1
1-0

[Event "PLAYERS CUP 2009 <1600"]
[Site "SchemingMind.com"]
[Date "2009.02.07"]
[Round "-"]
[White "lame wolf"]
[Black "cnile"]
[Result "0-1"]
[WhiteCountry "INT"]
[BlackCountry "SCO"]
[WhiteElo "1061"]
[WhiteRD "48"]
[BlackElo "1558"]
[BlackRD "60"]
[GameID "191214"]

1. c3 e5 2. e4 Nf6 3. Qc2 Bc5 4. d3 Nc6 5. Bg5 d6 6. Bxf6 Qxf6 7. Nf3 Bg4 8. Be2 Bxf3 9. Bxf3 a5 10. a3 O-O
11. Qe2 Rfe8 12. O-O b5 13. Nd2 b4 14. c4 Nd4 15. Qd1 bxa3 16. b3 Bb4 17. Bg4 Reb8 18. Nf3 Nxf3+ 19. Qxf3 Qxf3 20. Bxf3 Bc3
21. Rxa3 Bb4 22. Raa1 Bc3 23. Rab1 Rb4 24. Rfd1 c5 25. Rdc1 Bd4 26. Bd1 Rab8 27. Rc2 a4 28. Ra2 axb3 29. Ra6 b2 30. Ba4 g6
31. Rxd6 Rxa4
0-1

[Event "PLAYERS CUP 2009 <1600"]
[Site "SchemingMind.com"]
[Date "2009.02.07"]
[Round "-"]
[White "jtrochez1"]
[Black "cnile"]
[Result "1-0"]
[WhiteCountry "HON"]
[BlackCountry "SCO"]
[WhiteElo "1546"]
[WhiteRD "48"]
[BlackElo "1558"]
[BlackRD "60"]
[GameID "191215"]

1. e4 c5 2. Nf3 Nc6 3. d4 cxd4 4. Nxd4 Nf6 5. Nxc6 bxc6 6. Bd3 e5 7. Be3 Be7 8. Nc3 O-O 9. h3 d5 10. exd5 cxd5
11. Bd2 Bb7 12. O-O d4 13. Ne2 Qd5 14. f3 e4 15. Nf4 Qe5 16. fxe4 Bxe4 17. Bxe4 Nxe4 18. Nd3 Bd6 19. Nxe5 Bxe5 20. Bb4 Rfe8
21. Be1 Nf6 22. Qf3 Rac8 23. c3 dxc3 24. bxc3 Bxc3 25. Bxc3
1-0

[Event "PLAYERS CUP 2009 <1600"]
[Site "SchemingMind.com"]
[Date "2009.02.08"]
[Round "-"]
[White "Zugzwang"]
[Black "cnile"]
[Result "1-0"]
[WhiteCountry "CAN"]
[BlackCountry "SCO"]
[WhiteElo "1437"]
[WhiteRD "56"]
[BlackElo "1558"]
[BlackRD "60"]
[GameID "191216"]

1. d4 Nf6 2. Nf3 e6 3. e3 c5 4. c3 Nc6 5. Bd3 Be7 6. O-O O-O 7. Nbd2 d6 8. e4 Bd7 9. Qe2 cxd4 10. cxd4 Qc7
11. Re1 Rac8 12. Nf1 a6 13. Ng3 Rfd8 14. e5 dxe5 15. dxe5 Ng4 16. Qe4 Nh6 17. Qxh7+ Kf8 18. Bxh6 gxh6 19. Qh8#
1-0

[Event "PLAYERS CUP 2009 <1600"]
[Site "SchemingMind.com"]
[Date "2009.02.08"]
[Round "-"]
[White "Belfagor"]
[Black "cnile"]
[Result "1-0"]
[WhiteCountry "ITA"]
[BlackCountry "SCO"]
[WhiteElo "1684"]
[WhiteRD "103"]
[BlackElo "1558"]
[BlackRD "60"]
[GameID "191217"]

1. e4 c5 2. c3 Nc6 3. d4 cxd4 4. cxd4 e6 5. Nf3 Nf6 6. Nc3 Bb4 7. e5 Nd5 8. Bd2 O-O 9. Bd3 Nxc3 10. bxc3 Be7
11. O-O d5 12. Qc2 h6 13. Rfe1 Qc7 14. h4 Bd7 15. Rab1 Rab8 16. g4 f6 17. Bh7+ Kh8 18. Kg2 Nd8 19. g5 f5 20. Bg6 Be8
21. Bxe8 Rxe8 22. g6 Rc8 23. Qc1 Rf8 24. Bxh6 gxh6 25. Qxh6+ Kg8 26. Qh7#
1-0

[Event "PLAYERS CUP 2009 <1600"]
[Site "SchemingMind.com"]
[Date "2009.02.08"]
[Round "-"]
[White "maro"]
[Black "cnile"]
[Result "0-1"]
[WhiteCountry "MEX"]
[BlackCountry "SCO"]
[WhiteElo "1326"]
[WhiteRD "50"]
[BlackElo "1558"]
[BlackRD "60"]
[GameID "191218"]

1. e4 e5 2. Bc4 Bc5 3. Bxf7+ Kxf7 4. Qf3+ Nf6 5. Nc3 Rf8 6. g4 Kg8 7. d3 d6 8. g5 Ng4 9. Qg3 Bxf2+ 10. Ke2 Bxg3
11. hxg3 Nc6 12. Nf3 Nb4 13. g6 h6 14. Bxh6 Nxh6 15. Rh5 Bg4 16. Rah1 Bxh5 17. Rxh5 Qf6
0-1

[Event "PLAYERS CUP 2009 <1600"]
[Site "SchemingMind.com"]
[Date "2009.02.08"]
[Round "-"]
[White "dtedesco"]
[Black "cnile"]
[Result "0-1"]
[WhiteCountry "CAN"]
[BlackCountry "SCO"]
[WhiteElo "1541"]
[WhiteRD "66"]
[BlackElo "1547"]
[BlackRD "66"]
[GameID "191219"]

1. e4 e5 2. f4 Bc5 3. Nf3 Nc6 4. Bc4 d6 5. Ng5 Nh6 6. d3 O-O 7. b3 Ng4 8. Rf1 Nd4 9. h3 Nf6 10. Nxf7 Rxf7
11. Bxf7+ Kxf7 12. fxe5 dxe5 13. Qh5+ Kg8 14. Qd1 Qd6 15. Bb2 Bd7 16. Nc3 Bb4 17. Qd2 Rf8 18. O-O-O a5 19. g4 b5 20. Qh2 a4
21. g5 Nh5 22. Rxf8+ Qxf8 23. Ne2 Qc5 24. Ng1 Nf4 25. c3 axb3 26. axb3 Nxb3+ 27. Kc2 Nd4+ 28. Kb1 Bxc3 29. Bxc3 Qxc3 30. Qb2 Qxb2+
31. Kxb2 Nxh3 32. Nxh3 Bxh3 33. Kc3 c6 34. Ra1 Kf7 35. Rh1 Be6 36. Rxh7 Kg6 37. Rh2 Kxg5 38. Rf2 g6 39. Ra2 Bxa2
0-1

[Event "PLAYERS CUP 2009 <1600"]
[Site "SchemingMind.com"]
[Date "2009.02.08"]
[Round "-"]
[White "Carl Lenox"]
[Black "cnile"]
[Result "0-1"]
[WhiteCountry "CAN"]
[BlackCountry "SCO"]
[WhiteElo "1274"]
[WhiteRD "66"]
[BlackElo "1547"]
[BlackRD "66"]
[GameID "191220"]

1. e4 c5 2. f4 Nc6 3. c4 e5 4. d3 Nge7 5. Nf3 d6 6. Be2 Bg4 7. O-O Bxf3 8. Bxf3 Nd4 9. Bg4 Nec6 10. Nc3 Be7
11. Be3 O-O 12. Bf5 g6 13. Bg4 a6 14. Qd2 b5 15. Rad1 Re8 16. Nd5 b4 17. f5 Bf8 18. f6 Ne6 19. Rf3 Ncd4 20. Rg3 a5
21. Rf1 a4 22. Rh3 a3 23. b3 Qa5 24. Bh6 Nxb3 25. Qe3 Nbd4 26. Qe1 Bxh6 27. Rxh6 Nf8 28. Bd7 Nxd7 29. Qh4 Nf8 30. Ne7+ Kh8
0-1

[Event "PLAYERS CUP 2009 <1600"]
[Site "SchemingMind.com"]
[Date "2009.02.08"]
[Round "-"]
[White "Heidi"]
[Black "cnile"]
[Result "0-1"]
[WhiteCountry "USA"]
[BlackCountry "SCO"]
[WhiteElo "946"]
[WhiteRD "62"]
[BlackElo "1558"]
[BlackRD "60"]
[GameID "191221"]

1. e4 c5 2. Nf3 Nc6 3. Nc3 e6 4. Bc4 a6 5. d3 Qc7 6. Be3 Nf6 7. h3 b5 8. Bb3 Be7 9. Qe2 O-O 10. e5 Nxe5
11. Nxe5 Qxe5 12. O-O Bd6 13. f4 Qh5 14. Rf3 Bb7 15. g4 Nxg4 16. Bd2 Bxf3 17. Qf2 Nxf2 18. Kxf2 Qxh3 19. Ke3 Bd5+
0-1